| 000 | 01279 a2200169 4500 | ||
|---|---|---|---|
| 003 | Nust | ||
| 005 | 20221206101031.0 | ||
| 040 | _cNust | ||
| 082 | _a621.381542,ZWO | ||
| 100 |
_aZworykin, V. K. _9104185 |
||
| 245 |
_aPhoto- Electricity and its application / _cV. K. Zworykin and E. G. Ramberg |
||
| 260 |
_aNew York _bWiley _c1956 |
||
| 300 | _a494 p. | ||
| 505 | _aHistorical Introduction (Page-1), General Theory (Page-10), Photosensitive Surfaces (Page-37), Materials and Apparatus for Making Phototubes (Page-62), General Methods of Preparing Phototubes (Page-85), The Vacuum Phototube (Page-103), The Gas-Filled Phototube (Page-120), The Multiplier Phototube (Page-136), The Image Tube (Page-155), Photoconductive Cells (Page-175), Photovoltaic Cells (Page-196), Photocell Circuits and Amplification (Page-216), The Measurement of Small Photocurrents (Page-250), Photoelectric Measuring Devices (Page-269), Phototubes in Sound Reproduction (Page-323), Phototubes in Picture Transmission (Page-349), Photosensitive Camera Tubes in Television (Page-385), Light Beam Signaling and Infrared Detection (Page-407), Miscellaneous Applications of Photo-Electricity (Page-421), Photocells in the Future (Page-464). | ||
| 650 | _aTelecommunication Engineering. | ||
| 942 |
_cBK _2ddc |
||
| 999 |
_c182463 _d182463 |
||